CaGeWeB
  • bibliotheken
  • achtergrond
  • partners
  • historiek
naar

MARC Record

Leader
003 BE-GnUNI
007 't'u
035
  
  
a| (MSK)310010461
084
  
  
a| LEESZAAL
245
0
0
a| Guide des musées de France.
260
  
  
a| Fribourg, c| 1970.
300
  
  
a| 219.
546
  
  
a| Frans
500
  
  
a| Boek
852
4
  
b| MSK c| MSK j| LEESZAAL
920
  
  
a| boek
001 000010383
005 20241224121612.0
  • CaGeWeB vzw

    p/a Bagattenstraat 174, 9000 Gent

    voorzitter: Hendrik Defoort
    bestuurders: Frea Vancraeynest, Brigitte De Meyer, Ellen Ryckx, Kim Robensyn